000 00231nam a2200097Ia 4500
008 190216s9999||||xx |||||||||||||| ||und||
100 _aKunhipacky K&Amp;Muhammed Ali P K
245 0 _aIndia Charithram
260 _bNull
942 _cBK
999 _c18917
_d18917